Sách tình huống luật hôn nhân và gia đình : Bình luận bản án

Giới thiệu kết hôn, hủy kết hôn trái pháp luật và không công nhận quan hệ vợ chồng, quan hệ pháp luật giữa vợ và chồng, cha mẹ và con, ông bà và cháu, ...

Salvato in:
Dettagli Bibliografici
Autore principale: Lê, Vĩnh Châu
Natura: Libro
Lingua:Undetermined
Pubblicazione: Hà Nội Hồng Đức 2018
Soggetti:
Tags: Aggiungi Tag
Nessun Tag, puoi essere il primo ad aggiungerne! !
Thư viện lưu trữ: Trung tâm Học liệu Trường Đại học Cần Thơ
LEADER 00938nam a2200229Ia 4500
001 CTU_236289
008 210402s9999 xx 000 0 und d
020 |c 87000 
082 |a 346.597016 
082 |b Ch125 
100 |a Lê, Vĩnh Châu 
245 0 |a Sách tình huống luật hôn nhân và gia đình : 
245 0 |b Bình luận bản án 
245 0 |c Lê Vĩnh Châu (Chủ biên) 
260 |a Hà Nội 
260 |b Hồng Đức 
260 |c 2018 
520 |a Giới thiệu kết hôn, hủy kết hôn trái pháp luật và không công nhận quan hệ vợ chồng, quan hệ pháp luật giữa vợ và chồng, cha mẹ và con, ông bà và cháu, ... 
650 |a Marriage law,Luật hôn nhân 
650 |z Việt Nam,Vietnam,Vietnam,Việt Nam 
904 |i Nhi 
980 |a Trung tâm Học liệu Trường Đại học Cần Thơ